000 00703cab a2200253 4500
001 ABS54698
008 090401t1996 xxu||||| |||| 00| 0 eng d
035 _a(Sirsi) u11849
041 _aeng
100 _aSharpe, G.
245 _aBuilding conservation
260 _c1996
350 _a0
490 _aConstruction Manager
_v2(30 March 1996, 20-21(2)
520 _aHighlights important factors to consider when repairing unbaked earth and clay buildings including original building techniques.
650 _aCLAY BUILDINGS
650 _aCOB
650 _aDAMP
650 _aHISTORIC BUILDINGS
650 _aREPAIR METHODS
690 _aCONSERVATION
942 _n0
948 _c04/03/1997
999 _c7569
_d7569